Animaniacs Countries - Statistics

General Stats
  • This quiz has been taken 66 times
  • The average score is 84 of 158
Answer Stats
Country % Correct
United States
97%
Canada
89%
Mexico
86%
Peru
84%
Jamaica
81%
Haiti
78%
Cuba
76%
El Salvador
76%
Panama
76%
Bolivia
73%
Colombia
73%
Costa Rica
73%
Venezuela
73%
Brazil
70%
Ecuador
70%
Germany
70%
Guatemala
70%
Nicaragua
70%
Norway
70%
Sweden
70%
Argentina
68%
Chile
68%
Finland
68%
Honduras
68%
Iceland
68%
Ireland
68%
Italy
68%
Turkey
68%
China
65%
England
65%
French Guiana
65%
Greece
65%
Greenland
65%
Paraguay
65%
Russia
65%
Switzerland
65%
Uruguay
65%
Austria
62%
Barbados
62%
Belize
62%
Denmark
62%
Guam
62%
Guyana
62%
Japan
62%
Korea
62%
Caribbean
59%
Czechoslovakia
59%
Dominican Republic
59%
France
59%
Iran
59%
Iraq
59%
Luxembourg
59%
Morocco
59%
Netherlands
59%
Oman
59%
Romania
59%
Spain
59%
Suriname
59%
Bahamas
57%
Bangladesh
57%
Belgium
57%
Bhutan
57%
Cyprus
57%
Indonesia
57%
Malaysia
57%
Portugal
57%
Puerto Rico
57%
Saudi Arabia
57%
Scotland
57%
Sudan
57%
Taiwan
57%
Vietnam
57%
Yemen
57%
Albania
54%
Botswana
54%
Burma
54%
Ghana
54%
Hungary
54%
India
54%
Israel
54%
Poland
54%
Sri Lanka
54%
Afghanistan
51%
Bahrain
51%
Bulgaria
51%
Guinea
51%
Jordan
51%
Mozambique
51%
Nepal
51%
New Zealand
51%
Niger
51%
Philippines
51%
Syria
51%
Thailand
51%
Tunisia
51%
Zimbabwe
51%
Algeria
49%
Australia
49%
Bermuda
49%
Kuwait
49%
Laos
49%
Nigeria
49%
Pakistan
49%
San Juan
49%
Zambia
49%
Egypt
46%
Gabon
46%
Gambia
46%
Lebanon
46%
Lesotho
46%
Mongolia
46%
Somalia
46%
Togo
46%
Uganda
46%
Angola
43%
Burundi
43%
Ethiopia
43%
Fiji
43%
Liberia
43%
Libya
43%
Sierra Leone
43%
Swaziland
43%
Tobago
43%
Yugoslavia
43%
Borneo
41%
Chad
41%
Djibouti
41%
Malawi
41%
Mali
41%
Monaco
41%
New Guinea
41%
Tibet
41%
Benin
38%
Congo
38%
Kenya
38%
Malta
38%
Sumatra
38%
Tanzania
38%
Algiers
35%
Guinea-Bissau
35%
Madagascar
35%
Namibia
35%
Qatar
35%
Rwanda
35%
Cambodia
32%
Cameroon
32%
Liechtenstein
32%
Mauritania
32%
Transylvania
32%
Zaire
32%
Hong Kong
30%
Palestine
30%
Senegal
30%
Crete
27%
Abu Dhabi
24%
Cayman
24%
Dahomey
22%
Maore
8%
No matching quizzes found
Score Distribution
Percent of People with Each Score
Percentile by Number Answered
Your Score History
You have not taken this quiz